<?xml version="1.0" encoding="UTF-8"?><?xml-stylesheet type="text/xsl" href="static/style.xsl"?><OAI-PMH xmlns="http://www.openarchives.org/OAI/2.0/" xmlns:xsi="http://www.w3.org/2001/XMLSchema-instance" xsi:schemaLocation="http://www.openarchives.org/OAI/2.0/ http://www.openarchives.org/OAI/2.0/OAI-PMH.xsd"><responseDate>2026-04-17T21:35:23Z</responseDate><request verb="GetRecord" identifier="oai:www.recercat.cat:2117/192769" metadataPrefix="marc">https://recercat.cat/oai/request</request><GetRecord><record><header><identifier>oai:recercat.cat:2117/192769</identifier><datestamp>2025-07-17T16:01:19Z</datestamp><setSpec>com_2072_1033</setSpec><setSpec>col_2072_452951</setSpec></header><metadata><record xmlns="http://www.loc.gov/MARC21/slim" xmlns:dcterms="http://purl.org/dc/terms/" xmlns:xsi="http://www.w3.org/2001/XMLSchema-instance" xmlns:doc="http://www.lyncode.com/xoai" xsi:schemaLocation="http://www.loc.gov/MARC21/slim http://www.loc.gov/standards/marcxml/schema/MARC21slim.xsd">
   <leader>00925njm 22002777a 4500</leader>
   <datafield ind2=" " ind1=" " tag="042">
      <subfield code="a">dc</subfield>
   </datafield>
   <datafield ind2=" " ind1=" " tag="720">
      <subfield code="a">Pertegàs Ayza, Emma</subfield>
      <subfield code="e">author</subfield>
   </datafield>
   <datafield ind2=" " ind1=" " tag="720">
      <subfield code="a">Martínez Fernández, Cristina</subfield>
      <subfield code="e">author</subfield>
   </datafield>
   <datafield ind2=" " ind1=" " tag="260">
      <subfield code="c">2006</subfield>
   </datafield>
   <datafield ind2=" " ind1=" " tag="520">
      <subfield code="a">El objetivo es la elaboración de los documentos necesarios para la realización del proyecto de rehabilitación y adecuación al uso de balneario de ciudad de la masía de Can Cabanyes. Este proyecto tiene como objetivo la elaboración de los documentos necesarios para la rehabilitación y adecuación al uso del edificio Can Cabanyes a Balneario.&#xd;
El estudio de catalogación de la masía Can Cabanyes establece que es un edificio reutilizable como equipamiento de barrio. Ya que no existe ninguna normativa que establezca cuales son las características que debe cumplir una zona para poderse construir un Balneario, hemos atendido a criterios de sentido común. Las circunstancias a tener en&#xd;
cuenta del sitio de construcción de un centro de estas características son: La población de Badalona tiene un elevado número de habitantes, colocándose en la 3ª población más habitada de Cataluña, con todo tipo de edades de población.</subfield>
   </datafield>
   <datafield tag="653" ind2=" " ind1=" ">
      <subfield code="a">Àrees temàtiques de la UPC::Edificació::Rehabilitació d'edificis</subfield>
   </datafield>
   <datafield tag="653" ind2=" " ind1=" ">
      <subfield code="a">Àrees temàtiques de la UPC::Edificació::Gestió d'obres</subfield>
   </datafield>
   <datafield tag="653" ind2=" " ind1=" ">
      <subfield code="a">Buildings -- Remodeling for other use</subfield>
   </datafield>
   <datafield tag="653" ind2=" " ind1=" ">
      <subfield code="a">Farmhouses</subfield>
   </datafield>
   <datafield tag="653" ind2=" " ind1=" ">
      <subfield code="a">Neoclassicism (Architecture)</subfield>
   </datafield>
   <datafield tag="653" ind2=" " ind1=" ">
      <subfield code="a">Conversió d'edificis</subfield>
   </datafield>
   <datafield tag="653" ind2=" " ind1=" ">
      <subfield code="a">Balnearis -- Catalunya -- Badalona</subfield>
   </datafield>
   <datafield tag="653" ind2=" " ind1=" ">
      <subfield code="a">Can Cabanyes (Badalona, Catalunya)</subfield>
   </datafield>
   <datafield tag="653" ind2=" " ind1=" ">
      <subfield code="a">Masos, masies, etc. -- Catalunya -- Badalona</subfield>
   </datafield>
   <datafield tag="653" ind2=" " ind1=" ">
      <subfield code="a">Neoclassicisme (Arquitectura) -- Catalunya -- Badalona</subfield>
   </datafield>
   <datafield ind2="0" ind1="0" tag="245">
      <subfield code="a">Desenvolupament d'un projecte d'adequació de l'edifici "Can Cabanyes" de Badalona a un centre de recuperació o balneari</subfield>
   </datafield>
</record></metadata></record></GetRecord></OAI-PMH>